| 000 | 00361 a2200109 4500 | ||
|---|---|---|---|
| 001 | ART_51153 | ||
| 005 | 20260410161758.0 | ||
| 008 | 260409a | ||
| 245 | 1 | 0 | _aEndeudamiento entre empresas vinculadas. Principio de la realidad económica |
| 100 | 1 | _aGarcía, Roberto Martín | |
| 773 | 0 |
_tDoctrina tributaria _g- N° 486 (sep. 2020) _wREV4296 |
|
| 999 |
_c20318 _d20318 |
||